000
002410000a22000970004500
100
1
_a
Kirsch, Tina
245
1
0
_a
My pilgrimage in mission
300
_a
Vol. 18, Núm 4 (1994), Páginas 162-166
773
0
_t
International Bulletin
942
_c
ANA
999
_c
57457
_d
57457